<Die> Soziale und politische Partizipation von Zuwanderern in der Bundesrepublik Deutschland
Gespeichert in:
| 1. Verfasser: | |
|---|---|
| Weitere Verfasser: | , |
| Format: | Buch |
| Sprache: | Deutsch |
| Veröffentlicht: |
Bonn
Friedrich-Ebert-Stiftung
1999
|
| Ausgabe: | 2. unveränd. Aufl. |
| Schriftenreihe: | Gesprächskreis
Arbeit und Soziales |
| Schlagworte: | |
| Tags: |
Keine Tags, Fügen Sie das erste Tag hinzu!
|
MARC
| LEADER | 00000nam a2200000 4500 | ||
|---|---|---|---|
| 001 | c124124 | ||
| 005 | 20221221083628.7 | ||
| 020 | |a 3-86077-722-X | ||
| 041 | 0 | |a ger | |
| 044 | |a DE | ||
| 245 | 1 | 0 | |a <Die> Soziale und politische Partizipation von Zuwanderern in der Bundesrepublik Deutschland |c Claudia Diehl, Julia Urbahn in Zusammenarbeit mit Hartmut Esser |
| 250 | |a 2. unveränd. Aufl. | ||
| 264 | 1 | |a Bonn |b Friedrich-Ebert-Stiftung |c 1999 | |
| 300 | |a 61 s. | ||
| 490 | 1 | |a Gesprächskreis |v Arbeit und Soziales | |
| 830 | 0 | |a Gesprächskreis |v Arbeit und Soziales | |
| 610 | 2 | 0 | |a imigrácia |
| 610 | 2 | 0 | |a cudzinci |
| 610 | 2 | 0 | |a spolužitie mierové |
| 610 | 2 | 0 | |a politika sociálna |
| 610 | 2 | 0 | |a formy organizácie politickej |
| 610 | 2 | 0 | |a náboženstvo |
| 610 | 2 | 0 | |a strany politické |
| 610 | 2 | 0 | |a odbory |
| 610 | 2 | 0 | |a Nemecko |
| 100 | 1 | |a Diehl, Claudia | |
| 700 | 1 | |a Urbahn, Julia | |
| 700 | 1 | |a Hartmut, Esser | |